000 01005nam a2200289 i 4500
001 000006597
003 DO-SdBNP
005 20250311111111.0
007 ta
008 090901s1999 dr 001 0 spa d
040 _aDO-SdBNP
_bspa
_cBNPHU
_erda
049 _aBNPD
082 4 _a001.42
_bF825p
_222
100 1 _aFranco, Franklin J.,
_d1936-
_934417
245 1 0 _aPara aprender a investigar :
_bmétodos y técnicas para la elaboración de tesis e informe de investigación /
_cFranklin Franco Pichardo.
264 _aSanto Domingo :
_bSociedad Editorial Dominicana,
_c1999.
300 _a136 páginas ;
_c22 cm.
336 _2rdacontent
_atexto
_btxt
337 _2rdamedia
_asin mediación
_bn
338 _2rdacarrier
_avolumen
_bnc
500 _aIncluye referencias bibliográficas y notas al pie de las páginas
590 _aInventariado, 2024/BT
650 0 _a Ciencia -
_xMetodología
_93
650 0 _a Investigación
_92
910 _aValidado. Control de Calidad/MAA
942 _2ddc
_cLBS1
999 _c6388
_d6388